LEADER 00785nam0-22002771i-450- 001 990000715180403321 005 20001010 035 $a000071518 035 $aFED01000071518 035 $a(Aleph)000071518FED01 035 $a000071518 100 $a20001010d--------km-y0itay50------ba 101 0 $aita 105 $ay-------001yy 200 1 $aOspedali$eproblema tecnico e psicologico. Architectural design of hospitals-a problem of social psychology$fCarlo Casati 210 $aMilano$cHoepli$d1980 215 $a250 p.$cill.$d31 cm 700 1$aCasati,$bCarlo$011723 801 0$aIT$bUNINA$gRICA$2UNIMARC 901 $aBK 912 $a990000715180403321 952 $aARCH C 240$b11900$fFARBC 959 $aFARBC 996 $aOspedali$9323214 997 $aUNINA DB $aING01 LEADER 01288nam 2200421 450 001 9910466254303321 005 20200520144314.0 010 $a0-16-093027-8 035 $a(CKB)3710000001363130 035 $a(MiAaPQ)EBC4857641 035 $a(Au-PeEL)EBL4857641 035 $a(CaPaEBR)ebr11383984 035 $a(OCoLC)987776619 035 $a(EXLCZ)993710000001363130 100 $a20170605h20152015 uy 0 101 0 $aeng 135 $aurcnu|||||||| 181 $2rdacontent 182 $2rdamedia 183 $2rdacarrier 200 00$aRealizing the future of nursing $eVA nurses tell their story /$feditors, Cathy Rick, Phyllis Beck Kritek 210 1$a[Place of publication not identified] :$cU.S. Department of Veterans Affairs Veterans Health Administration,$d2015. 210 4$dİ2015 215 $a1 online resource (809 pages) $cillustrations 311 $a0-16-092886-9 606 $aVeterans' hospitals 608 $aElectronic books. 615 0$aVeterans' hospitals. 676 $a362.860973 702 $aRick$b Cathy 702 $aKritek$b Phyllis Beck 801 0$bMiAaPQ 801 1$bMiAaPQ 801 2$bMiAaPQ 906 $aBOOK 912 $a9910466254303321 996 $aRealizing the future of nursing$92234172 997 $aUNINA